| 000 | 00491nam a22001697a 4500 | ||
|---|---|---|---|
| 008 | 141003b xxu||||| |||| 00| 0 eng d | ||
| 020 | _a0375704280 | ||
| 041 | 0 | _aeng | |
| 080 | _a94 | ||
| 100 | 1 | _aMcPherson, James M. | |
| 245 |
_aIs blood thicker than water? : _cJames M. McPherson. |
||
| 250 | _a1st Vintage Books ed. | ||
| 260 |
_aNew York : _bVintage Books _c1999. |
||
| 300 |
_a90 f. : _c21 cm. |
||
| 650 | 0 | _aNacionalizmi | |
| 942 |
_2udc _cBK |
||
| 999 |
_c511 _d511 |
||